000 00408nam a2200145Ia 4500
008 230917s9999||||xx |||||||||||||| ||und||
040 _e5504
_aMAIN
041 _aEnglish
082 _a910.02 G862E
100 _aGregory, K J, ed.
245 0 _aEnergetics of physical environment: Energetic approaches to physical geography
260 _aChichester
_bJohn Wiley
_c1987
300 _axi, 172 p.
942 _cBK
999 _c63041
_d63041